| Поле | Инд. | ПП | Название | Значение |
|---|---|---|---|---|
| Тип записи | a | |||
| Библиографический уровень | m | |||
| 001 | Контрольный номер | 8f6a4bbc-a567-4ed1-a321-4f6ee49a16e1 | ||
| 005 | Дата корректировки | 20131111232005.2 | ||
| 008 | Кодируемые данные | 800603 d | ||
| 020 | a | ISBN | 5-02-005951-X | |
| c | Цена, тираж | 55 к. | ||
| 040 | a | Служба первич. каталог. | RU-RKP | |
| 040 | a | Служба первич. каталог. | НБ ТвГУ | |
| 041 | a | Код языка текста | rus | |
| 080 | a | Индекс УДК | 523.4-82(02.062) | |
| 084 | a | Индекс другой классификации/Индекс ББК | В654 | |
| 090 | x | Авторский знак | Г16 | |
| a | Полочн. индекс | В654 | ||
| 100 | 1_ | a | Автор | Галкин Игорь Николаевич |
| 245 | a | Заглавие | Внеземная сейсмология | |
| c | Ответственность | И. Н. Галкин; Отв. ред. А. В. Николаев; АН СССР | ||
| c | Ответственность | АН СССР | ||
| 260 | 0_ | a | Место издания | Москва |
| b | Издательство | Наука | ||
| c | Дата издания | 1988 | ||
| 300 | a | Объем | 191,[2] с. | |
| b | Иллюстрации/ тип воспроизводства | ил. | ||
| c | Размеры | 20 см | ||
| 440 | a | Серия | Науч.-попул. лит | |
| 490 | _1 | p | Планета Земля и Вселенная | |
| 504 | a | Библиография | Библиогр.: с. 191-192. | |
| 650 | a | Основная рубрика | Планеты | |
| x | Основная подрубрика | Сейсмичность | ||
| x | Основная подрубрика | Наблюдение | ||
| 650 | a | Основная рубрика | Сейсмология внеземная | |
| 653 | a | Ключевые слова | Планеты | |
| 653 | a | Ключевые слова | Сейсмология планет | |
| a | Ключевые слова | Внеземная сейсмология | ||
| 653 | a | Ключевые слова | Сейсмические наблюдения | |
| 700 | 1_ | a | Другие авторы | Николаев А. В. |
| e | Роль лиц | ред. | ||
| 852 | t | Порядковый номер экземпляра | 1 | |
| p | Инвентарный номер | 593750 | ||
| 954 | a | Дата поступления на обработку | 20000804 | |
| 999 | a | Подразделение 2 | Фил3 |